Objetivos educacionais (Record no. 63963)

MARC details
000 -LÍDER
campo de controle de tamanho fixo 00306 a2200145 4500
001 - NÚMERO DE CONTROLE
campo de controle 63963
040 ## - FONTE DA CATALOGAÇÃO
Instituição que transcreveu o registro Anchieta - Pituba
100 ## - ENTRADA PRINCIPAL--NOME PESSOAL
Nome pessoal Esteves, O. P
240 10 - TÍTULO UNIFORME
Título uniforme Objetivos educacionais
Idioma da obra por
245 10 - TÍTULO
Título Objetivos educacionais
300 ## - DESCRIÇÃO FÍSICA
Extensão 68
362 0# - DATAS DE PUBLICAÇÃO E/OU DESIGNAÇÃO SEQUENCIAL
Datas de publicação e/ou designação sequencial 1971
650 #4 - ASSUNTO--TERMO TÓPICO
Cabeçalho tópico ou nome geográfico Educação
942 ## - ELEMENTOS DE ENTRADA ADICIONADOS (KOHA)
Tipo de material Koha Livros
Holdings
Situação do descarte Situação das perdas Situação física Não pode ser emprestado Biblioteca de origem Biblioteca atual Data de aquisição Total de empréstimos Número de chamada completo Código de barras Data de último acesso Data do preço efetivo Tipo de material Koha
        Colégio Anchieta - Pituba Colégio Anchieta - Pituba 21/11/2023   370 E79o EST OBJ 17568/PIT 21/11/2023 21/11/2023 Livros